| 000 | 00467nam a2200205Ia 4500 | ||
|---|---|---|---|
| 003 | 0100 | ||
| 008 | 130303s9999 xx 000 0 und d | ||
| 020 | _a0816617678 | ||
| 040 | _cARRUPELIB | ||
| 050 | _aBD111.C45 1989 | ||
| 100 | _aChisholm, Roderick M | ||
| 245 | _aOn metaphysics | ||
| 260 | _aMinneapolis | ||
| 260 | _bUniversity of Minnesota Press | ||
| 260 | _C1989 | ||
| 300 | _a173p. | ||
| 300 | _b 24 cm. | ||
| 650 | _aPHILOSOPHY | ||
| 942 | 0 | 0 | _01 |
| 999 |
_c21340 _d21340 |
||